Anthony Caro : a life in sculpture /

Bibliographic Details
Main Author: Bryant, Julius
Format: Book
Language:English
Published: London : New York : Merrell, 2004.
Subjects:

MARC

Tag First Indicator Second Indicator Subfields
LEADER 00000cam a2200000 a 4500
001 in00002038310
005 20151101052920.0
008 040427s2004 enka b 001 0 eng
015 |a GBA4-W8997 
020 |a 1858942594 :  |c £14.95 
035 |a (OCoLC)ocm56453475 
040 |a UKM  |c UKM  |d EMU  |d C#P  |d UtOrBLW 
049 |a TXAM 
050 4 |a NB497.C35  |b B79 2004 
082 0 4 |a 730.92  |2 22 
100 1 |a Bryant, Julius. 
245 1 0 |a Anthony Caro :  |b a life in sculpture /  |c Julius Bryant. 
264 1 |a London :  |a New York :  |b Merrell,  |c 2004. 
300 |a 96 pages :  |b illustrations (some color) ;  |c 22 cm. 
336 |a text  |b txt  |2 rdacontent 
337 |a unmediated  |b n  |2 rdamedia 
338 |a volume  |b nc  |2 rdacarrier 
504 |a Includes bibliographical references (page 95) and index. 
600 1 0 |a Caro, Anthony,  |d 1924-2013. 
945 |i PromptCat 
947 |a A14831522341 
948 |a cataloged  |b h  |c 2005/3/23  |d c  |e eneff  |f 2:04:41 pm 
994 |a 92  |b TXA 
999 |a MARS 
999 f f |s 5e603ce5-21b5-3c9d-af87-4f47c4ae5f1e  |i 18f557e7-cc49-34f0-b649-32663ff223f1  |t 0 
952 f f |p normal  |a Texas A&M University  |b College Station  |c Sterling C. Evans Library  |d Evans: Library Stacks  |t 0  |e NB497.C35 B79 2004  |h Library of Congress classification  |i unmediated -- volume  |m A14831522341 
998 f f |a NB497.C35 B79 2004  |t 0  |l Evans: Library Stacks